00556nam a2200205 a 4500001001300000003000900013005001700022008004100039020001000080082001600090100002400106245007100130260003400201300000900235500003500244505001000279650002300289700001600312700002200328nice12345678IN_TiNIC20260116012142.0050524s1980 newa grp 000 0 eng  ac10000a181.07bKHO aKhomeini, Ayatollah aSayings of the Ayatollah Khomeinib Political, Philosophcal Social aNew YorkbBantam Books c1980 a125p aincludes index and biblioraphy2 aIndex aPhilosophy-Islamic1 aTony Hendra1 aHarold J Salemson